000 00353nam a2200145Ia 4500
008 230524s9999 xx 000 0 und d
082 _a612.3812
_bXAV
100 _aS.P.Eugene Xavier
245 0 _aElectric Circuit Anlysis
260 _aNEW DELHI
_bNAI
_c2003
300 _aXI;374
500 _aQuantity Number: 2
650 _aElectrical
942 _cBK
999 _c8715
_d8715